Gases of the Human Body - Statistics

General Stats
  • This quiz has been taken 37 times
  • The average score is 5 of 8
Answer Stats
Answer % Correct
Oxygen (O2)
100%
Hydrogen (H2)
84%
Nitrogen (N2)
74%
Carbon Dioxide (CO2)
71%
Methane (CH4)
65%
Helium (He)
61%
Carbon Monoxide (CO)
29%
Nitric Oxide (NO)
3%
No matching quizzes found
Score Distribution
Percent of People with Each Score
Percentile by Number Answered
Your Score History
You have not taken this quiz